| 000 | 01056nmc a2200361 a 4500 | ||
|---|---|---|---|
| 003 | AR-BaBNM | ||
| 005 | 20251128210010.0 | ||
| 008 | 011101s1998 ||||||||||||||000 | spa|| | ||
| 020 | _a84-493-0551-9 | ||
| 040 | _cAR-BaBNM | ||
| 245 | 1 | 0 |
_aUna cuestión de disciplina _bpedagogía y poder en los estudios culturales |
| 250 | _a1ª ed. | ||
| 260 |
_aBarcelona _bPaidós Ibérica _c1998 |
||
| 300 | _a270 p. | ||
| 490 | 0 |
_aPaidós educador _vv. 133 |
|
| 500 | _aContiene índice analítico y de nombres p. 263-270 | ||
| 650 | 4 | _aPEDAGOGIA | |
| 650 | 4 | _aRELACIONES CULTURALES | |
| 650 | 4 | _aENSENANZA UNIVERSITARIA | |
| 650 | 4 | _aPROFESORES UNIVERSITARIOS | |
| 650 | 4 | _aROL DEL DOCENTE | |
| 650 | 4 | _aPOLITICA CULTURAL | |
| 650 | 4 | _aDISCRIMINACION | |
| 650 | 4 | _aMULTICULTURALISMO | |
| 650 | 4 | _aPROBLEMAS DISCIPLINARIOS | |
| 650 | 4 | _aESTUDIOS CULTURALES | |
| 650 | 4 | _aFEMINISMO | |
| 653 | _aEDUCACION SUPERIOR | ||
| 700 | 1 |
_aCanaan, Joyce E. _ecompilador |
|
| 700 | 1 |
_aEpstein, Debbie _ecompilador |
|
| 942 | _cBK | ||
| 998 | _cRaquel | ||
| 999 |
_c13647 _d13647 |
||